Žhavá komodita: zlato

V období. keď rastie inflácia a klesajú akcie, zlato obvykle zvyšuje hodnotu. Z histórie vývoja kurzu zlata. Funkcia zlata v ínvestičnom portfóliu. Zlato ako najbezpečnejšia investícia.

Salvato in:
Dettagli Bibliografici
Autore principale: Chlouba, Martin
Natura: Capitolo di libro
Lingua:ceco
Soggetti:
Tags: Aggiungi Tag
Nessun Tag, puoi essere il primo ad aggiungerne!!

MARC

LEADER 00000naa$a2200000$$$4500
001 0092350
005 20230804111619.9
041 0 |a cze 
044 |a CZ 
245 1 0 |a Žhavá komodita: zlato  |c Martin Chlouba 
520 |a V období. keď rastie inflácia a klesajú akcie, zlato obvykle zvyšuje hodnotu. Z histórie vývoja kurzu zlata. Funkcia zlata v ínvestičnom portfóliu. Zlato ako najbezpečnejšia investícia. 
610 2 0 |a zlato 
610 2 0 |a investovanie 
610 2 0 |a inflácia 
100 1 |a Chlouba, Martin